Štatistická ročenka 1981 okres Lučenec

Gespeichert in:
Bibliographische Detailangaben
Format: Buch
Sprache:Slowakisch
Veröffentlicht: Lučenec Slovenský štatistický úrad 1981
Schlagworte:
Tags: Tag hinzufügen
Keine Tags, Fügen Sie das erste Tag hinzu!

MARC

LEADER 00000nam a2200000 4500
001 c128897
005 20260116110134.1
041 0 |a slo 
044 |a SK 
245 1 0 |a Štatistická ročenka 1981  |b okres Lučenec 
264 1 |a Lučenec  |b Slovenský štatistický úrad  |c 1981 
300 |a 246 s. 
610 2 0 |a Slovensko